[Event "Open Citta' degli Scacchi A"]
[Site "Corsico ITA"]
[Date "2010.03.13"]
[Round "2"]
[White "Codenotti, Marco"]
[Black "Colovic, Aleksandar"]
[Result "0-1"]
[WhiteElo "2190"]
[BlackElo "2464"]
[PlyCount "68"]
[EventDate "2010.03.12"]

1. e4 c5 2. Nf3 d6 3. d4 cxd4 4. Nxd4 Nf6 5. Nc3 e6 6. Be2 a6 7. O-O Be7 8. f4
O-O 9. Be3 Nc6 10. Qe1 Nxd4 11. Bxd4 b5 12. a3 Bb7 13. Qg3 g6 14. Bd3 a5 15. b4
axb4 16. axb4 Rxa1 17. Rxa1 Nh5 18. Qe3 Nxf4 19. Bb6 Qc8 20. Nxb5 e5 21. Bc7
Qg4 22. Qf3 Qe6 23. Ra7 Ba8 24. Ra6 Qc8 25. Rb6 d5 26. Bxe5 Nxd3 27. cxd3 dxe4
28. dxe4 Qc1+ 29. Qf1 Qe3+ 30. Qf2 Qc1+ 31. Qf1 Qe3+ 32. Qf2 Qxe4 33. Bd6 Rc8
34. h3 Rc1+ 0-1

[Event "Open Citta' degli Scacchi A"]
[Site "Corsico ITA"]
[Date "2010.03.13"]
[Round "2"]
[White "Damia, Angelo"]
[Black "Sanchez, Joseph"]
[Result "0-1"]
[WhiteElo "2284"]
[BlackElo "2493"]
[PlyCount "48"]
[EventDate "2010.03.12"]

1. d4 d5 2. Nf3 Nf6 3. e3 c6 4. Bd3 Bg4 5. b3 e6 6. Bb2 Bb4+ 7. c3 Ba5 8. Nbd2
Nbd7 9. Qc2 O-O 10. Ne5 Bh5 11. O-O Rc8 12. b4 Bc7 13. f4 a5 14. Nb3 Bg6 15.
Bxg6 hxg6 16. Nc5 Nxc5 17. bxc5 Ne4 18. Ba3 Bxe5 19. dxe5 Qe7 20. Qa4 Nd2 21.
Qxa5 Ra8 22. Qb4 Nxf1 23. Rxf1 Rfb8 24. Rb1 b6 0-1

[Event "Open Citta' degli Scacchi A"]
[Site "Corsico ITA"]
[Date "2010.03.13"]
[Round "2"]
[White "Gori, Andrea"]
[Black "Lucchese, Paolo"]
[Result "1-0"]
[WhiteElo "2119"]
[BlackElo "2024"]
[PlyCount "47"]
[EventDate "2010.03.12"]

1. e4 c5 2. Nf3 d6 3. d4 cxd4 4. Nxd4 Nf6 5. f3 Nc6 6. c4 g6 7. Be3 Bg7 8. Qd2
O-O 9. Nc3 Nxd4 10. Bxd4 Be6 11. Be2 Qa5 12. Rc1 Rfc8 13. b3 h5 14. Rc2 Kh7 15.
O-O Bh6 16. f4 Nd7 17. Qe1 Nc5 18. Qh4 Qd8 19. f5 gxf5 20. exf5 Bd7 21. Qxh5
Qg8 22. Be3 Qg7 23. Rf3 Rh8 24. Bxh6 1-0

[Event "Open Citta' degli Scacchi A"]
[Site "Corsico ITA"]
[Date "2010.03.13"]
[Round "2"]
[White "Illyuviev, Oleg"]
[Black "D'Apa, Matteo"]
[Result "1-0"]
[WhiteElo "2031"]
[BlackElo "2096"]
[PlyCount "61"]
[EventDate "2010.03.12"]

1. c4 e5 2. Nc3 Nf6 3. Nf3 Nc6 4. g3 Bb4 5. Bg2 O-O 6. O-O d6 7. Nd5 Nxd5 8.
cxd5 Ne7 9. Qb3 Bc5 10. d4 exd4 11. Rd1 Nf5 12. Kh1 h6 13. g4 Nh4 14. g5 Nxf3
15. Qxf3 hxg5 16. Qh5 g4 17. h3 gxh3 18. Be4 f5 19. Rg1 Rf7 20. Bh6 Qf8 21. Bd3
c6 22. Rg6 Bb6 23. Bc4 c5 24. Rag1 Bd8 25. Bf4 Rf6 26. R6g3 Bd7 27. Rxh3 Be8
28. Qh7+ Kf7 29. Rhg3 Ke7 30. Rxg7+ Rf7 31. Qh6 1-0

[Event "Open Citta' degli Scacchi A"]
[Site "Corsico ITA"]
[Date "2010.03.13"]
[Round "2"]
[White "Naumkin, Igor"]
[Black "Stella, Luca"]
[Result "1-0"]
[WhiteElo "2496"]
[BlackElo "2034"]
[PlyCount "53"]
[EventDate "2010.03.12"]

1. d4 Nf6 2. c4 g6 3. Nc3 Bg7 4. e4 d6 5. Nf3 O-O 6. Be2 e5 7. O-O Nc6 8. d5
Ne7 9. b4 Nh5 10. Re1 f5 11. Ng5 Nf4 12. Bxf4 exf4 13. Rc1 fxe4 14. Ncxe4 Nf5
15. Ne6 Bxe6 16. dxe6 Be5 17. Bf3 c6 18. b5 Qe7 19. bxc6 bxc6 20. Nd2 Qc7 21.
Be4 Nd4 22. Nf3 Nxe6 23. c5 Nd8 24. cxd6 Bxd6 25. Qd4 Nf7 26. Rxc6 Qd7 27. Ne5
1-0

[Event "Open Citta' degli Scacchi A"]
[Site "Corsico ITA"]
[Date "2010.03.13"]
[Round "2"]
[White "Quaranta, Cristiano"]
[Black "Vuelban, Virgilio"]
[Result "0-1"]
[WhiteElo "2162"]
[BlackElo "2346"]
[PlyCount "150"]
[EventDate "2010.03.12"]

1. d4 Nf6 2. c4 e6 3. g3 d5 4. Nf3 dxc4 5. Bg2 Nbd7 6. Qa4 a6 7. Qxc4 b5 8. Qc2
Bb7 9. O-O Ra7 10. Rd1 Qa8 11. Qxc7 Nd5 12. Qc2 Bd6 13. Nc3 Nxc3 14. Qxc3 O-O
15. Qe1 Rc8 16. Bd2 Rc2 17. Rab1 Bd5 18. Nh4 Bxg2 19. Nxg2 Rc4 20. Rbc1 Rxd4
21. Be3 Bb4 22. Qf1 Rxd1 23. Qxd1 Rb7 24. Qc2 Rb8 25. a3 Bf8 26. Qc6 Ne5 27.
Qxa8 Rxa8 28. Rc2 Rd8 29. Ne1 Nc4 30. Bc1 e5 31. Nd3 e4 32. Nb4 Bxb4 33. axb4
f5 34. Kg2 Rd1 35. h4 Kf7 36. b3 Nb6 37. Rc7+ Rd7 38. Rc6 Nd5 39. Rxa6 Nc3 40.
Be3 Nxe2 41. Rb6 Nc3 42. Rc6 Rd3 43. Rc7+ Kg6 44. h5+ Kxh5 45. Rxg7 h6 46. Rh7
Rd6 47. Rc7 Nd5 48. Bc5 Nxc7 49. Bxd6 Ne6 50. f3 Nd4 51. fxe4 fxe4 52. Kf2 Nf5
53. Bc7 Kg4 54. Bb8 h5 55. Bc7 Kh3 56. Bb8 e3+ 57. Kf3 e2 58. Kxe2 Kg2 59. g4
hxg4 60. Bc7 g3 61. Be5 Kh3 62. Kf1 Ne3+ 63. Kg1 Kg4 64. Bd4 Kf3 65. Bc5 Nd5
66. Kf1 Nf4 67. Kg1 Ne2+ 68. Kh1 Nc1 69. Kg1 Nxb3 70. Bb6 Nc1 71. Kf1 Ne2 72.
Ke1 g2 73. Kd2 g1=Q 74. Bxg1 Nxg1 75. Kd3 Ne2 0-1

[Event "Open Citta' degli Scacchi A"]
[Site "Corsico ITA"]
[Date "2010.03.13"]
[Round "2"]
[White "Radice, Luca"]
[Black "Cazzaniga, Walter"]
[Result "1/2-1/2"]
[WhiteElo "2019"]
[BlackElo "2110"]
[PlyCount "33"]
[EventDate "2010.03.12"]

1. d4 d5 2. c4 c6 3. e3 Nf6 4. Nf3 g6 5. Nc3 Bg7 6. Bd3 O-O 7. O-O a6 8. a4
dxc4 9. Bxc4 a5 10. Qe2 Na6 11. h3 Nb4 12. Rd1 b6 13. e4 Qc7 14. Be3 Ba6 15.
Bxa6 Rxa6 16. Rac1 Qb7 17. Bf4 1/2-1/2

[Event "Open Citta' degli Scacchi A"]
[Site "Corsico ITA"]
[Date "2010.03.13"]
[Round "2"]
[White "Salvador, Roland"]
[Black "Stella, Andrea"]
[Result "1/2-1/2"]
[WhiteElo "2483"]
[BlackElo "2283"]
[PlyCount "142"]
[EventDate "2010.03.12"]

1. d4 Nf6 2. Nf3 e6 3. c4 b6 4. g3 Bb7 5. Bg2 Be7 6. O-O O-O 7. Re1 Ne4 8. Nfd2
d5 9. Nxe4 dxe4 10. Nc3 f5 11. Be3 Bf6 12. Qa4 Bxd4 13. Rad1 c5 14. Nb5 Nc6 15.
b4 a6 16. Nxd4 cxd4 17. c5 Kh8 18. f3 b5 19. Qb3 Qf6 20. Bc1 e3 21. f4 Rad8 22.
Bb2 e5 23. fxe5 Qxe5 24. Rf1 f4 25. gxf4 Rxf4 26. Rxf4 Qxf4 27. Rf1 Qg4 28. Qd5
h6 29. Qf3 Qxf3 30. Bxf3 Rd7 31. Be4 Kg8 32. a3 a5 33. a4 Nxb4 34. Bf5 Rc7 35.
Bxd4 bxa4 36. Be6+ Kh7 37. Rf8 Be4 38. h4 h5 39. Re8 Bg6 40. Bg8+ Kh8 41. Ra8
Nc2 42. Bb3+ Kh7 43. Bg8+ Kh8 44. Bb3+ Kh7 45. Bxc2 Bxc2 46. Bxe3 Be4 47. Rxa5
Bc6 48. Bf4 Rc8 49. Ra7 Bd5 50. Be3 Ra8 51. Rd7 Be4 52. Bd4 a3 53. Rxg7+ Kh6
54. Re7 Bd5 55. Re5 Bb3 56. Kf2 a2 57. Ba1 Rf8+ 58. Kg2 Rg8+ 59. Kf2 Rf8+ 60.
Kg2 Rg8+ 61. Kh2 Rd8 62. Re3 Bc4 63. Rc3 Be6 64. Rd3 Rxd3 65. exd3 Kg6 66. Kg3
Kf5 67. Kf3 Bd5+ 68. Ke3 Bc6 69. Kd4 Ke6 70. Kc4 Bd5+ 71. Kb5 Kd7 1/2-1/2

[Event "Open Citta' degli Scacchi A"]
[Site "Corsico ITA"]
[Date "2010.03.13"]
[Round "3"]
[White "Astengo, Marcello"]
[Black "Codenotti, Marco"]
[Result "1-0"]
[WhiteElo "2104"]
[BlackElo "2190"]
[PlyCount "113"]
[EventDate "2010.03.12"]

1. d4 Nf6 2. c4 g6 3. Nc3 Bg7 4. e4 d6 5. f3 O-O 6. Be3 Nc6 7. Nge2 a6 8. Qd2
Rb8 9. Rc1 Bd7 10. Ng3 e5 11. d5 Nd4 12. Nge2 Nxe2 13. Bxe2 Nh5 14. O-O f5 15.
c5 Rf7 16. c6 f4 17. Bf2 bxc6 18. dxc6 Be6 19. Bxa6 Bf6 20. Bb7 Bh4 21. a4 Bg3
22. Ne2 Bxf2+ 23. Rxf2 Bc8 24. Bxc8 Qxc8 25. b4 Qa6 26. b5 Qxa4 27. Nc3 Qd4 28.
Rb1 Qc4 29. Rff1 Ng7 30. Rfc1 Ne6 31. Nd5 Qd4+ 32. Qf2 Kg7 33. b6 cxb6 34. c7
Rc8 35. Rxb6 Qa4 36. Rxd6 Qa3 37. Rdc6 Nd4 38. R6c3 Qa6 39. Re1 Qa5 40. Rec1
Qa6 41. Rc4 Nb3 42. Qb2 Qa7+ 43. Kf1 Nxc1 44. Qxe5+ Kh6 45. Rxc1 Qa6+ 46. Kg1
Qa7+ 47. Kh1 Qa3 48. Ra1 Qc5 49. Qe6 Rcxc7 50. Nxc7 Rxc7 51. h3 Rc6 52. Qf7 Qe5
53. Ra7 Rc1+ 54. Kh2 Kg5 55. Qxh7 Qc5 56. h4+ Kf6 57. Qg7+ 1-0

[Event "Open Citta' degli Scacchi A"]
[Site "Corsico ITA"]
[Date "2010.03.13"]
[Round "3"]
[White "Castrogiovanni, Carlo"]
[Black "Bemporad, Filippo"]
[Result "0-1"]
[WhiteElo "1999"]
[BlackElo "2057"]
[PlyCount "74"]
[EventDate "2010.03.12"]

1. d4 d5 2. c4 c6 3. Nf3 Nf6 4. Nc3 e6 5. Bg5 Nbd7 6. cxd5 exd5 7. e3 Qa5 8.
Nd2 Bb4 9. Qc2 O-O 10. Bd3 h6 11. Bh4 c5 12. Nb3 Qb6 13. dxc5 Bxc5 14. O-O Bb4
15. Nd4 Bxc3 16. bxc3 Nc5 17. Rab1 Qd6 18. Nb5 Qd8 19. Bxf6 Qxf6 20. Nc7 Nxd3
21. Nxd5 Qa6 22. Rfd1 Nc5 23. Nc7 Qc6 24. Nxa8 Be6 25. Rd4 Rxa8 26. Rbd1 g6 27.
e4 Re8 28. f3 b5 29. Qd2 Kh7 30. Qf4 Na4 31. Qf6 Qc5 32. Kh1 Qg5 33. Qxg5 hxg5
34. Rxa4 bxa4 35. Rd4 Rb8 36. h3 a3 37. Ra4 Rb2 0-1

[Event "Open Citta' degli Scacchi A"]
[Site "Corsico ITA"]
[Date "2010.03.13"]
[Round "3"]
[White "Colovic, Aleksandar"]
[Black "Vuelban, Virgilio"]
[Result "1/2-1/2"]
[WhiteElo "2464"]
[BlackElo "2346"]
[PlyCount "124"]
[EventDate "2010.03.12"]

1. e4 c5 2. Nc3 Nc6 3. Nf3 Nf6 4. Bb5 Nd4 5. e5 Nxb5 6. Nxb5 Nd5 7. Ng5 f6 8.
Qf3 Nc7 9. exf6 exf6 10. Qe4+ Ne6 11. Nxh7 d5 12. Qg6+ Ke7 13. Nxf8 Kxf8 14.
Qg3 a6 15. Nc3 Nd4 16. O-O b5 17. a3 Nf5 18. Qf3 Qd6 19. h3 Nd4 20. Qg3 Qxg3
21. fxg3 Nxc2 22. Ra2 Nd4 23. b4 Bb7 24. bxc5 Rc8 25. d3 Rxc5 26. Ne2 Nc2 27.
Bf4 Kf7 28. Bd6 Rc6 29. Bb4 Rhc8 30. d4 Nxb4 31. axb4 Rc2 32. Rxc2 Rxc2 33. Kf2
Ke7 34. Rc1 Rc4 35. Ke3 Kd6 36. Rb1 Rc2 37. g4 Ra2 38. Kd3 Bc6 39. Re1 Be8 40.
Nf4 Bf7 41. Re2 Ra3+ 42. Kd2 Ra4 43. Kc3 Ra3+ 44. Kd2 a5 45. bxa5 Rxa5 46. Nd3
Ra4 47. Ke3 Ra3 48. Kd2 Bg6 49. Nc5 Be4 50. Nxe4+ dxe4 51. Rxe4 Ra2+ 52. Kd3
Rxg2 53. Re8 Rh2 54. Rh8 g5 55. Ke4 Rf2 56. Rb8 Rf4+ 57. Ke3 Kc6 58. d5+ Kxd5
59. Rxb5+ Ke6 60. Rb6+ Kf7 61. Ke2 Kg6 62. Rb3 Kg7 1/2-1/2

[Event "Open Citta' degli Scacchi A"]
[Site "Corsico ITA"]
[Date "2010.03.13"]
[Round "3"]
[White "D'Apa, Matteo"]
[Black "Cazzaniga, Walter"]
[Result "1/2-1/2"]
[WhiteElo "2096"]
[BlackElo "2110"]
[PlyCount "101"]
[EventDate "2010.03.12"]

1. d4 d5 2. c4 c6 3. Nc3 e6 4. Nf3 dxc4 5. a4 Bb4 6. e3 b5 7. Bd2 a5 8. axb5
Bxc3 9. Bxc3 cxb5 10. b3 Bb7 11. bxc4 b4 12. Bd2 Nf6 13. Bd3 O-O 14. O-O Nbd7
15. Re1 e5 16. Bc2 Qc7 17. Rc1 e4 18. Ng5 h6 19. Nh3 Nb6 20. c5 Nbd5 21. f3 Qe7
22. fxe4 Nxe4 23. Bxe4 Qxe4 24. Nf2 Qe6 25. e4 Nf6 26. d5 Nxd5 27. exd5 Qxd5
28. Qf3 Qxf3 29. gxf3 Bxf3 30. Ne4 Rfe8 31. Nd6 Rxe1+ 32. Bxe1 Bc6 33. Nc4 f6
34. Ra1 a4 35. Bxb4 Rb8 36. Nb6 Rd8 37. Rc1 Rd4 38. Rc4 Rd1+ 39. Kf2 Rb1 40.
Nc8 Kf7 41. Na7 Bd5 42. Rd4 Ke6 43. Ba3 Rh1 44. h4 Rh2+ 45. Kg3 Rg2+ 46. Kh3
Rc2 47. Rxa4 g5 48. hxg5 hxg5 49. Nb5 Ke5 50. Bb4 Bc6 51. Ra5 1/2-1/2

[Event "Open Citta' degli Scacchi A"]
[Site "Corsico ITA"]
[Date "2010.03.13"]
[Round "3"]
[White "Illyuviev, Oleg"]
[Black "Quaranta, Cristiano"]
[Result "0-1"]
[WhiteElo "2031"]
[BlackElo "2162"]
[PlyCount "56"]
[EventDate "2010.03.12"]

1. c4 e5 2. Nc3 d6 3. g3 f5 4. Bg2 Nf6 5. Rb1 Be7 6. d3 O-O 7. Bd2 Qe8 8. Nd5
Bd8 9. Nf3 Nbd7 10. O-O c6 11. Nxf6+ Nxf6 12. Bc3 Qh5 13. Nd2 Bb6 14. b4 f4 15.
c5 fxg3 16. fxg3 dxc5 17. Nc4 cxb4+ 18. Nxb6 axb6 19. Rxb4 Bg4 20. Qb3+ Kh8 21.
Qb2 c5 22. Rc4 Nd7 23. h3 Rxf1+ 24. Bxf1 Be6 25. Rh4 Qg5 26. Be1 Rxa2 27. Qb5
Ra8 28. Kh2 Qc1 0-1

[Event "Open Citta' degli Scacchi A"]
[Site "Corsico ITA"]
[Date "2010.03.13"]
[Round "3"]
[White "Lucchese, Paolo"]
[Black "Stella, Luca"]
[Result "0-1"]
[WhiteElo "2024"]
[BlackElo "2034"]
[PlyCount "92"]
[EventDate "2010.03.12"]

1. e4 c5 2. Nf3 d6 3. d4 cxd4 4. Nxd4 Nf6 5. Nc3 g6 6. Bc4 Bg7 7. f3 Nc6 8. Be3
O-O 9. Qd2 Nd7 10. O-O-O Nb6 11. Bb3 Na5 12. Qd3 Nxb3+ 13. axb3 a5 14. Na4 Nxa4
15. bxa4 Bd7 16. Nb5 Rc8 17. Kb1 Be6 18. b3 Bd7 19. g4 Bxb5 20. Qxb5 Rc3 21.
Qe2 Qc7 22. Bd4 Rc8 23. Bxg7 Rxc2 24. Qe3 Kxg7 25. h4 Rc3 26. Rd3 Rxd3 27. Qxd3
Qc5 28. h5 Qb4 29. h6+ Kg8 30. Kb2 Rc5 31. Rd1 b5 32. axb5 a4 33. Ra1 Rxb5 34.
Ra3 Qxa3+ 35. Kxa3 Rxb3+ 36. Qxb3 axb3 37. f4 b2 38. Kxb2 Kf8 39. Kc3 Ke8 40.
Kd4 Kd7 41. Kd5 e6+ 42. Kd4 f6 43. Kc4 Kc6 44. f5 exf5 45. exf5 gxf5 46. gxf5
d5+ 0-1

[Event "Open Citta' degli Scacchi A"]
[Site "Corsico ITA"]
[Date "2010.03.13"]
[Round "3"]
[White "Radice, Luca"]
[Black "Gori, Andrea"]
[Result "1/2-1/2"]
[WhiteElo "2019"]
[BlackElo "2119"]
[PlyCount "60"]
[EventDate "2010.03.12"]

1. d4 Nf6 2. c4 c5 3. d5 b5 4. Qc2 bxc4 5. e4 d6 6. Bxc4 g6 7. Nc3 Bg7 8. h3
Nbd7 9. Nf3 O-O 10. O-O Nb6 11. Be2 Nfd7 12. Bf4 Bb7 13. Rad1 Qb8 14. Rfe1 Rc8
15. b3 a5 16. Bc4 Bxc3 17. Qxc3 f6 18. Bh6 Nxc4 19. bxc4 Ba6 20. Rb1 Qc7 21.
Nd2 Rcb8 22. f4 Rxb1 23. Rxb1 Rb8 24. Rxb8+ Nxb8 25. e5 dxe5 26. fxe5 Qxe5 27.
Qxa5 Qe1+ 28. Kh2 Qe5+ 29. Kg1 Qe1+ 30. Kh2 Qe5+ 1/2-1/2

[Event "Open Citta' degli Scacchi A"]
[Site "Corsico ITA"]
[Date "2010.03.13"]
[Round "3"]
[White "Sanchez, Joseph"]
[Black "Bellia, Fabrizio"]
[Result "1/2-1/2"]
[WhiteElo "2493"]
[BlackElo "2412"]
[PlyCount "85"]
[EventDate "2010.03.12"]

1. e4 e5 2. Nf3 Nc6 3. Nc3 Nf6 4. d4 exd4 5. Nxd4 Bb4 6. Nxc6 bxc6 7. Bd3 d5 8.
exd5 cxd5 9. O-O O-O 10. Bg5 c6 11. Na4 h6 12. Bh4 Re8 13. c4 Bd6 14. Rc1 Bf4
15. Rc2 Qd6 16. Bg3 Bxg3 17. hxg3 Bg4 18. Qc1 d4 19. b3 Rad8 20. Qf4 Qxf4 21.
gxf4 Nh5 22. g3 Bf3 23. Rd2 g5 24. fxg5 hxg5 25. Bc2 Nf6 26. Bd1 Ne4 27. Rd3 g4
28. Bxf3 gxf3 29. Re1 Ng5 30. Kf1 Re6 31. Rxe6 fxe6 32. Nc5 e5 33. b4 e4 34.
Ra3 Rb8 35. Na6 Re8 36. Ra5 Nh3 37. Nc5 d3 38. Rxa7 Nxf2 39. Kxf2 d2 40. Nxe4
d1=Q 41. Nf6+ Kf8 42. Nh7+ Kg8 43. Nf6+ 1/2-1/2

[Event "Open Citta' degli Scacchi A"]
[Site "Corsico ITA"]
[Date "2010.03.13"]
[Round "3"]
[White "Stella, Andrea"]
[Black "Naumkin, Igor"]
[Result "1-0"]
[WhiteElo "2283"]
[BlackElo "2496"]
[PlyCount "97"]
[EventDate "2010.03.12"]

1. Nf3 e6 2. e4 d5 3. Nc3 Nf6 4. e5 Nfd7 5. d4 c5 6. dxc5 Nc6 7. Bf4 Bxc5 8.
Bd3 f6 9. exf6 Nxf6 10. Qe2 O-O 11. O-O-O Bd7 12. Kb1 b5 13. Bxb5 Nh5 14. Bg3
Qe8 15. Nxd5 exd5 16. Rxd5 Bb6 17. Rxd7 Qxd7 18. Ne5 Qf5 19. Bxc6 Rad8 20. Be4
Qg5 21. Qc4+ Kh8 22. Nf7+ Rxf7 23. Qxf7 Nxg3 24. fxg3 g6 25. Bd3 Qe5 26. Qf4
Qg7 27. Re1 Bd4 28. Qe4 Qd7 29. c3 Bf6 30. Bc2 Kg7 31. Rd1 Qc7 32. Rxd8 Qxd8
33. Qb7+ Qe7 34. Qxe7+ Bxe7 35. b4 Kf6 36. Be4 Ke5 37. Bf3 Bd8 38. Kc2 Bb6 39.
Kd3 Bg1 40. h3 h5 41. g4 h4 42. c4 g5 43. c5 a5 44. a3 axb4 45. axb4 Bf2 46.
Kc4 Ke6 47. b5 Be3 48. b6 Ke7 49. Kb5 1-0

[Event "Open Citta' degli Scacchi A"]
[Site "Corsico ITA"]
[Date "2010.03.14"]
[Round "4"]
[White "Bellia, Fabrizio"]
[Black "Stella, Andrea"]
[Result "1/2-1/2"]
[WhiteElo "2412"]
[BlackElo "2283"]
[PlyCount "87"]
[EventDate "2010.03.12"]

1. e4 c5 2. Nf3 d6 3. d4 cxd4 4. Nxd4 Nf6 5. Nc3 a6 6. Bc4 e6 7. O-O b5 8. Bb3
Be7 9. Qf3 Qc7 10. Qg3 O-O 11. Bh6 Ne8 12. a4 b4 13. Nce2 Kh8 14. Be3 Nf6 15.
f3 e5 16. Nf5 Bxf5 17. exf5 d5 18. Rfd1 Bc5 19. Bxc5 Qxc5+ 20. Qf2 Qc6 21. g4
d4 22. c3 bxc3 23. bxc3 d3 24. Rxd3 Nbd7 25. Rad1 e4 26. Rd6 Qb7 27. Bd5 Nxd5
28. R6xd5 Nf6 29. fxe4 Rae8 30. R5d4 Rxe4 31. Rxe4 Qxe4 32. Rd4 Qc2 33. g5 Ne4
34. Qe3 Nxg5 35. h4 Qb1+ 36. Kg2 Qb7+ 37. Kg3 Qb8+ 38. Qf4 Qe8 39. Ng1 Qe1+ 40.
Kg2 Qxg1+ 41. Kxg1 Nh3+ 42. Kg2 Nxf4+ 43. Rxf4 g6 44. fxg6 1/2-1/2

[Event "Open Citta' degli Scacchi A"]
[Site "Corsico ITA"]
[Date "2010.03.14"]
[Round "4"]
[White "Bemporad, Filippo"]
[Black "Codenotti, Marco"]
[Result "1-0"]
[WhiteElo "2057"]
[BlackElo "2190"]
[PlyCount "73"]
[EventDate "2010.03.12"]

1. d4 Nf6 2. Nf3 g6 3. c4 Bg7 4. Nc3 d5 5. cxd5 Nxd5 6. Qb3 Nxc3 7. bxc3 O-O 8.
Bf4 c5 9. e3 Nc6 10. Be2 cxd4 11. exd4 b6 12. O-O Be6 13. Qa4 Rc8 14. Ba6 Qd7
15. Bxc8 Rxc8 16. Qa3 Qb7 17. Rfe1 Na5 18. Ne5 Bd5 19. f3 f6 20. Nd3 g5 21. Bg3
e6 22. Rac1 h5 23. Nb4 Nc4 24. Qa4 Bxf3 25. gxf3 h4 26. Qa6 Qa8 27. Rxe6 hxg3
28. d5 gxh2+ 29. Kxh2 Kf7 30. Kg2 Rc5 31. Rce1 Ne5 32. Rxb6 g4 33. Rb7+ Kg6 34.
Rxe5 gxf3+ 35. Kg3 Rxc3 36. Ree7 Bh6 37. Qe6 1-0

[Event "Open Citta' degli Scacchi A"]
[Site "Corsico ITA"]
[Date "2010.03.14"]
[Round "4"]
[White "Cazzaniga, Walter"]
[Black "Illyuviev, Oleg"]
[Result "1-0"]
[WhiteElo "2110"]
[BlackElo "2031"]
[PlyCount "41"]
[EventDate "2010.03.12"]

1. d4 d5 2. c4 Nc6 3. Nf3 Bg4 4. Nc3 Bxf3 5. gxf3 dxc4 6. d5 Ne5 7. Qd4 Nd7 8.
Qxc4 a6 9. Bf4 Rc8 10. Bh3 Ngf6 11. e4 c6 12. Qe2 cxd5 13. exd5 b5 14. O-O g5
15. Bg3 b4 16. Ne4 Nxe4 17. fxe4 Bg7 18. e5 Rc5 19. Rad1 O-O 20. e6 Nf6 21. d6
1-0

[Event "Open Citta' degli Scacchi A"]
[Site "Corsico ITA"]
[Date "2010.03.14"]
[Round "4"]
[White "Damia, Angelo"]
[Black "Salmoiraghi, Angelo"]
[Result "1/2-1/2"]
[WhiteElo "2284"]
[BlackElo "2171"]
[PlyCount "94"]
[EventDate "2010.03.12"]

1. e4 c5 2. Nf3 d6 3. b3 Nf6 4. Nc3 g6 5. Bb5+ Bd7 6. Qe2 Nc6 7. e5 Nxe5 8.
Nxe5 dxe5 9. Qxe5 Bg7 10. Qxc5 O-O 11. Bxd7 Qxd7 12. O-O b6 13. Qe3 Qf5 14. Ba3
Qxc2 15. Rac1 Qf5 16. Qxe7 Rfe8 17. Qb7 Rad8 18. d4 Rxd4 19. Qxa7 Ng4 20. h3
Ne5 21. Ne2 Rd2 22. Ng3 Qf4 23. Rce1 Rxa2 24. Bc1 Qxc1 25. Qxa2 Nf3+ 26. gxf3
Rxe1 27. Rxe1 Qxe1+ 28. Kg2 Qe6 29. Qa8+ Bf8 30. Qa4 Bd6 31. Ne4 Be5 32. Qb5
Kg7 33. Qd3 h6 34. b4 Qe7 35. b5 f5 36. Ng3 Bxg3 37. fxg3 Qc5 38. Qd7+ Kf6 39.
h4 h5 40. Qd8+ Kf7 41. Qd3 Kf6 42. Kh3 Ke6 43. g4 fxg4+ 44. fxg4 hxg4+ 45. Kxg4
Kf6 46. Qd8+ Kf7 47. Qd7+ Kf6 1/2-1/2

[Event "Open Citta' degli Scacchi A"]
[Site "Corsico ITA"]
[Date "2010.03.14"]
[Round "4"]
[White "Gori, Andrea"]
[Black "Magrini, Fabrizio"]
[Result "1-0"]
[WhiteElo "2119"]
[BlackElo "2130"]
[PlyCount "104"]
[EventDate "2010.03.12"]

1. e4 c5 2. Nf3 d6 3. d4 cxd4 4. Nxd4 Nf6 5. f3 e6 6. Nc3 a6 7. a4 b6 8. Be3
Qc7 9. Bd3 Be7 10. Qe2 Nbd7 11. O-O Bb7 12. Qf2 O-O 13. Kh1 Rfe8 14. Nde2 Rac8
15. Rab1 Bd8 16. Bd4 Qb8 17. Rfd1 Bc7 18. Qh4 Qa8 19. Ng3 Bd8 20. Qh3 g6 21.
Qh6 e5 22. Bg1 Be7 23. h4 Kh8 24. Qe3 d5 25. exd5 Nxd5 26. Nxd5 Bxd5 27. h5 Bc5
28. Qh6 Bf8 29. Qd2 Bc6 30. b3 Rcd8 31. Qe2 f5 32. Bxa6 e4 33. Bd4+ Bg7 34.
Bxg7+ Kxg7 35. Qc4 exf3 36. Qc3+ Nf6 37. Rxd8 fxg2+ 38. Kg1 Rxd8 39. Bc4 Bd5
40. Rd1 Bxc4 41. h6+ Kxh6 42. Rxd8 Qxd8 43. Qxc4 Qd6 44. Kxg2 f4 45. Ne4 Nxe4
46. Qxe4 Kg5 47. b4 h5 48. b5 h4 49. Qd3 Qxd3 50. cxd3 Kf5 51. a5 bxa5 52. b6
Ke6 1-0

[Event "Open Citta' degli Scacchi A"]
[Site "Corsico ITA"]
[Date "2010.03.14"]
[Round "4"]
[White "Lucchese, Paolo"]
[Black "Castrogiovanni, Carlo"]
[Result "0-1"]
[WhiteElo "2024"]
[BlackElo "1999"]
[PlyCount "100"]
[EventDate "2010.03.12"]

1. e4 c5 2. Nc3 Nc6 3. Bc4 a6 4. a4 e6 5. f4 Qc7 6. d3 d6 7. Nf3 Nf6 8. O-O Be7
9. Kh1 Bd7 10. Be3 Na5 11. Ba2 b5 12. axb5 axb5 13. Nd2 O-O 14. f5 c4 15. fxe6
fxe6 16. dxc4 Nxc4 17. Nxc4 bxc4 18. Qd4 Ng4 19. Rxf8+ Rxf8 20. Bg1 Rc8 21. h3
Bf6 22. Qd2 Bxc3 23. Qxc3 Nf6 24. Re1 e5 25. Qb4 Be6 26. Bb1 Rb8 27. Qa3 h6 28.
c3 Rb3 29. Qa8+ Kf7 30. Re2 Kg6 31. Qa6 Kf7 32. Rd2 Ke7 33. Re2 Nh5 34. Bh2 Rb6
35. Qa8 Bc8 36. Qa5 Qb7 37. Qa2 Be6 38. Qa3 Ra6 39. Qb4 Qxb4 40. cxb4 Rb6 41.
Bc2 Rxb4 42. Bd1 Nf6 43. Kg1 Nd7 44. Rd2 Nc5 45. Re2 Nd3 46. Bc2 Nxb2 47. Bg3
Bd7 48. Be1 Rb7 49. Bc3 Ba4 50. Bb1 Nd1 0-1

[Event "Open Citta' degli Scacchi A"]
[Site "Corsico ITA"]
[Date "2010.03.14"]
[Round "4"]
[White "Naumkin, Igor"]
[Black "Radice, Luca"]
[Result "1-0"]
[WhiteElo "2496"]
[BlackElo "2019"]
[PlyCount "69"]
[EventDate "2010.03.12"]

1. d4 d5 2. c4 e6 3. Nf3 Nf6 4. Nc3 Be7 5. Bg5 h6 6. Bh4 O-O 7. e3 Ne4 8. Bxe7
Qxe7 9. Rc1 c6 10. Bd3 Nxc3 11. Rxc3 dxc4 12. Bxc4 Nd7 13. O-O e5 14. Bb3 exd4
15. exd4 Rd8 16. Re1 Qd6 17. Rce3 Nf8 18. h3 Be6 19. Bc2 Qb4 20. Qc1 a5 21. a3
Qb6 22. Bb1 Rac8 23. Re5 Rd5 24. R5e2 Rd6 25. Qf4 Rcd8 26. Qg3 Qb3 27. Kh2 Qb5
28. Re5 Qxb2 29. Rh5 Kh8 30. Ng5 Rxd4 31. Rxe6 Nxe6 32. Nxf7+ Kg8 33. Qg6 R4d7
34. Nxh6+ Kf8 35. Nf5 1-0

[Event "Open Citta' degli Scacchi A"]
[Site "Corsico ITA"]
[Date "2010.03.14"]
[Round "4"]
[White "Quaranta, Cristiano"]
[Black "Astengo, Marcello"]
[Result "1-0"]
[WhiteElo "2162"]
[BlackElo "2104"]
[PlyCount "95"]
[EventDate "2010.03.12"]

1. d4 d5 2. c4 c6 3. Nf3 Nf6 4. e3 e6 5. b3 Nbd7 6. Bb2 Bd6 7. Bd3 O-O 8. O-O
b6 9. Nbd2 Bb7 10. Ne5 c5 11. cxd5 Nxd5 12. Ndc4 Nxe5 13. dxe5 Be7 14. Qh5 g6
15. Qg4 Qc7 16. Rad1 Rad8 17. Bb1 Rd7 18. h4 h5 19. Qh3 Qd8 20. Bxg6 Nf4 21.
exf4 Rxd1 22. Bxh5 Rxf1+ 23. Kxf1 Qd5 24. Kg1 Rd8 25. Bf3 Qd7 26. Qg4+ Kh7 27.
Qh5+ Kg8 28. Bxb7 Qd1+ 29. Qxd1 Rxd1+ 30. Kh2 Bxh4 31. g3 Bd8 32. Bf3 Rb1 33.
Be4 Re1 34. Bd3 b5 35. Ne3 a6 36. a4 c4 37. bxc4 b4 38. c5 a5 39. Kg2 Kf8 40.
f5 exf5 41. Bxf5 Ke8 42. Nc4 Bc7 43. Kf3 Rd1 44. Ke4 Ke7 45. Bd4 Ke8 46. Kd5 b3
47. Nb2 Rc1 48. Bd3 1-0

[Event "Open Citta' degli Scacchi A"]
[Site "Corsico ITA"]
[Date "2010.03.14"]
[Round "4"]
[White "Salvador, Roland"]
[Black "Colovic, Aleksandar"]
[Result "0-1"]
[WhiteElo "2483"]
[BlackElo "2464"]
[PlyCount "104"]
[EventDate "2010.03.12"]

1. d4 Nf6 2. Nf3 e6 3. c4 c5 4. d5 d6 5. Nc3 exd5 6. cxd5 g6 7. g3 Bg7 8. Bg2
O-O 9. O-O Na6 10. Nd2 Nc7 11. a4 b6 12. Nc4 Ba6 13. Na3 Qd7 14. Qb3 Rfb8 15.
Nab5 Bxb5 16. axb5 a6 17. bxa6 b5 18. Bg5 c4 19. Qd1 Rxa6 20. Rb1 h6 21. Bxf6
Bxf6 22. f4 Ne8 23. e3 Bg7 24. g4 b4 25. Ne4 Nf6 26. Nxf6+ Bxf6 27. Qe2 Ra2 28.
Qxc4 Rxb2 29. Rxb2 Bxb2 30. f5 g5 31. f6 Be5 32. h3 b3 33. Be4 Qa7 34. Qe2 Qa2
35. Qf2 Qxf2+ 36. Kxf2 Bxf6 37. Ke2 Be5 38. Bb1 Rb5 39. Rd1 Rc5 40. Be4 b2 41.
Kd2 Kf8 42. Ke2 Ke7 43. Bb1 Rc1 44. Kd2 Bc3+ 45. Ke2 Kd8 46. Rf1 f6 47. Rd1 Kc7
48. Rf1 Kb6 49. Rd1 Ka5 50. Rf1 Kb4 51. Rd1 Kb3 52. Rf1 Rxb1 0-1